Atlas de anatomía humana (Registro nro. 609)
[ vista simple ]
| 000 -Cabecera | |
|---|---|
| Campo de control de longitud fija | 00684aam a2200277 4500 |
| 005 - Fecha y hora de la última transacción | |
| Campo de control | 20241017181843.0 |
| 008 - Elementos de longitud fija--Información general | |
| Campo de control de longitud fija | 150821b2004 sp ||||| |||| 00| 0 spa d |
| 020 ## - International Standard Book Number | |
| Número Internacional Estándar del Libro (ISBN) | 8478290702 |
| 041 ## - Idioma | |
| Código de idioma | Español |
| 082 ## - Clasificación Decimal Dewey | |
| Número de clasificación | 611 M386a |
| 100 ## - Entrada principal--Autor personal | |
| Nombre personal | Martini, Frederic |
| 9 (RLIN) | 19105 |
| 245 ## - Título propiamente dicho | |
| Título | Atlas de anatomía humana |
| 260 ## - Pie de imprenta | |
| Lugar de publicación, distribución, etc. | España |
| 260 ## - Pie de imprenta | |
| Nombre del editor, distribuidor, etc. | Pearson Educación |
| 260 ## - Pie de imprenta | |
| Fecha de publicación, distribución, etc. | 2004 |
| 300 ## - Descripción física | |
| Extensión | 128 páginas |
| 300 ## - Descripción física | |
| Otras características físicas | Láminas e ilustraciones a color |
| 300 ## - Descripción física | |
| Material acompañante | Disco compacto N°25 |
| 650 ## - Materia general | |
| Temática (materia general) | ANATOMÍA HUMANA |
| 650 ## - Materia general | |
| Temática (materia general) | RADIODIAGNÓSTICO |
| 650 ## - Materia general | |
| Temática (materia general) | EMBRIOLOGÍA |
| 650 ## - Materia general | |
| Temática (materia general) | CRÁNEO |
| 650 ## - Materia general | |
| Temática (materia general) | COLUMNA VERTEBRAL |
| 942 ## - Punto de acceso adicional KOHA | |
| Tipo de ítem KOHA | Libro |
| Fuente del sistema de clasificación o colocación | Dewey Decimal Classification |
| Signatura completa | Código de barras | Programa Académico | Tipo de ítem |
|---|---|---|---|
| 611 M386a | 16635 | Mecánica Dental | Libro |
| 611 M386a | 12567 | Mecánica Dental | Libro |
| 611 M386a | 13436 | Mecánica Dental | Libro |
| 611 M386a | 25ADC | Mecánica Dental | Disco Compacto |
| 611 M386a | 25BDC | Mecánica Dental | Disco Compacto |
| 611 M386a | 25CDC | Mecánica Dental | Disco Compacto |